|
|
|
|
| LEADER |
00000nam1a2200000 4500 |
| 001 |
258068 |
| 005 |
20231031220139.0 |
| 010 |
|
|
|a 5250001424
|
| 020 |
|
|
|a RU
|b 88-14501
|
| 035 |
|
|
|a (RuTPU)RU\TPU\book\280899
|
| 090 |
|
|
|a 258068
|
| 100 |
|
|
|a 20140422d1988 k y0rusy5003 ca
|
| 101 |
0 |
|
|a rus
|
| 200 |
1 |
|
|a Хозрасчет, самоокупаемость, самофинансирование: проблемы и опыт
|e сборник
|f под ред. А. П. Воронина, В. П. Игнатовского, А. И. Подберезного, В. А. Сидорова
|
| 210 |
|
|
|a Москва
|c Политиздат
|d 1988
|
| 215 |
|
|
|a 238,[1] с.
|
| 333 |
|
|
|a Исключено из фонда НТБ ТПУ
|
| 702 |
|
1 |
|a Воронин
|b А. П.
|4 340
|
| 702 |
|
1 |
|a Игнатовский
|b В. П.
|4 340
|
| 702 |
|
1 |
|a Подберезный
|b А. И.
|4 340
|
| 702 |
|
1 |
|a Сидоров
|b В. А.
|4 340
|
| 801 |
|
0 |
|a RU
|b RuMRKP
|c 19950417
|g psbo
|
| 801 |
|
1 |
|a RU
|b 63413507
|c 20140422
|
| 801 |
|
2 |
|a RU
|b 63413507
|c 20220301
|g RCR
|
| 942 |
|
|
|c BK
|